The mechanism by which the phenothiazine thioridazine contributes to cure problematic drug-resistant forms of pulmonary tuberculosis Recent patents for "new use" /

Elmentve itt :
Bibliográfiai részletek
Szerzők: Amaral Leonard
Martins Ana
Spengler Gabriella
Hunyadi Attila
Molnár József
Dokumentumtípus: Cikk
Megjelent: Bentham Science Publishers 2013
Sorozat:Recent Patents on Anti-Infective Drug Discovery 8 No. 3
doi:10.2174/1574891X08666131210141521

mtmt:2475746
Online Access:http://publicatio.bibl.u-szeged.hu/4341
LEADER 00978nab a2200241 i 4500
001 publ4341
005 20190206142535.0
008 140701s2013 hu o 0|| angol d
022 |a 1574-891X 
024 7 |a 10.2174/1574891X08666131210141521  |2 doi 
024 7 |a 2475746  |2 mtmt 
040 |a SZTE Publicatio Repozitórium  |b hun 
041 |a angol 
100 1 |a Amaral Leonard 
245 1 4 |a The mechanism by which the phenothiazine thioridazine contributes to cure problematic drug-resistant forms of pulmonary tuberculosis  |h [elektronikus dokumentum] :  |b Recent patents for "new use" /  |c  Amaral Leonard 
260 |a Bentham Science Publishers  |c 2013 
300 |a 206-212 
490 0 |a Recent Patents on Anti-Infective Drug Discovery  |v 8 No. 3 
700 0 1 |a Martins Ana  |e aut 
700 0 1 |a Spengler Gabriella  |e aut 
700 0 1 |a Hunyadi Attila  |e aut 
700 0 1 |a Molnár József  |e aut 
856 4 0 |u http://publicatio.bibl.u-szeged.hu/4341/1/2475746%20Amaral_RPAIDD_2013.pdf  |z Dokumentum-elérés